Advanced guide to Linux networking and security

Linux is the fastest growing operating system. As the number of companies implementing Linux increases, so too does the rapidly-developing need for skilled users, developers and administrators. Advanced Guide to Linux Networking and Security was especially designed for individuals who want to move b...

وصف كامل

محفوظ في:
التفاصيل البيبلوغرافية
المؤلف الرئيسي: Sawicki, Ed
التنسيق: كتاب
اللغة:Undetermined
منشور في: Australia Thomson 2006
الموضوعات:
الوسوم: إضافة وسم
لا توجد وسوم, كن أول من يضع وسما على هذه التسجيلة!
Thư viện lưu trữ: Trung tâm Học liệu Trường Đại học Cần Thơ
LEADER 01189nam a2200205Ia 4500
001 CTU_128893
008 210402s9999 xx 000 0 und d
020 |c 1311000 
082 |a 005.4469 
082 |b S271 
100 |a Sawicki, Ed 
245 0 |a Advanced guide to Linux networking and security 
245 0 |c Ed Sawicki, Nicholac Wells 
260 |a Australia 
260 |b Thomson 
260 |c 2006 
520 |a Linux is the fastest growing operating system. As the number of companies implementing Linux increases, so too does the rapidly-developing need for skilled users, developers and administrators. Advanced Guide to Linux Networking and Security was especially designed for individuals who want to move beyond just the basics of Linux installation and administration into a broader study of the many security issues surrounding this operating system. With its comprehensive Linux security coverage, this text can fit into any Linux Security course and is intended to follow the Complete Guide to Linux System Administration by Nick Wells. 
650 |a Linux,Hệ điều hành Linux 
904 |i Nguyên 
980 |a Trung tâm Học liệu Trường Đại học Cần Thơ